000 01017nam a2200265Ia 4500
003 OSt
005 20221005110730.0
006 a|||||r|||| 00| 0
007 ta
008 221004b |||||||| |||| 00| 0 hin d
020 _a9788126722099 (hbk)
_c600
024 _a20576
037 _bBR8454, 23/03/2015, Rajkamal Prakashan Pvt. Ltd.
_cTextual
040 _aCRL
_cCRL
_bhin
041 _2hin
_ahin
082 _aO152,1N41:g, Q2
100 _aअग्रवाल, पुरूषोत्तम
245 0 _aकोलाज
_b अशोक वाजपेयी
246 _aKolāja: ashok vājapeyī: vividh āyāma
260 _aनई दिल्ली
_bराजकमल प्रकाशन भारत
_c2012
300 _a183पृ0
_ccm.
650 _aहिन्दी साहित्य
942 _hO152,1N41:g, Q2
_cTEXL
_2cc
999 _c1019706
_d1019706